LEADER 00617naa a2200133 i 4500 001 000000330145 003 CaOOAMICUS 005 20180831173633.0 008 180831n it u000 u ita u 013 $a41892 040 $aSeMil$bita 245 10$aTotalitā e salvezza. 773 0 $aColloquio su Filosofia e Religione <4. ; 1988 ; Macerata>$tRagione e i simboli della salvezza oggi.$dGenova : Marietti, 1990.$kPubblicazioni della Facoltā di lettere e filosofia$kPubblicazioni della Facoltā di lettere e filosofia. Atti di convegni$z88-211-8588-5$gp.9-14$w()167158 996 $6245$aTotalitā e salvezza$9(OLS)http://semarc/title/418603 LEADER 01323nam a2200229 4500 001 000000362811 003 CaOOAMICUS 005 20250514123927.0 008 250514s20222023it 000 u ita r 040 $aSeMil$bita 100 1 $aFumagalli, Aristide,$d<1962- >.$0(OLS)http://semarc/name/1518 245 10$aIn dialogo con la Parola :$bmeditazioni sulle letture festive ambrosiane /$cAristide Fumagalli. 264 1$aMilano :$bĀncora,$c2022-2023. 300 $a4 v. ;$c21 cm 650 4$aLezionario ambrosiano festivo - Commenti e studi.$0(OLS)http://semarc/subject/3221 774 0 $t1: Avvento, Natale, dopo l'Epifania.$dMilano : Āncora, 2022.$kSussidi ambrosiani$z978-88-514-2606-4$w()352184 774 0 $t2: Quaresima, Pasqua.$dMilano : Āncora, 2023.$kSussidi ambrosiani$z978-88-514-2633-0$w()352857 774 0 $t3: Dopo Pentecoste.$dMilano : Āncora, 2023.$kSussidi ambrosiani$z978-88-514-2651-4$w()353280 774 0 $t4: Dopo il Martirio di San Giovanni il Precursore, dopo la dedicazione, Solennitā e Feste del Signore.$dMilano : Āncora, 2023.$kSussidi ambrosiani$z978-88-514-2684-2$w()354842 996 $6245$aIn dialogo con la Parola :$bmeditazioni sulle letture festive ambrosiane$9(OLS)http://semarc/title/453795 996 $6264$aMilano :$bĀncora$9(OLS)http://semarc/publisher/29763